| 000 | 00466 a2200169 4500 | ||
|---|---|---|---|
| 003 | OSt | ||
| 005 | 20231028145103.0 | ||
| 008 | 231028b |||||||| |||| 00| 0 eng d | ||
| 020 | _a9789356435643 | ||
| 040 | _coclc | ||
| 082 |
_a894.8123 _bMUK/N |
||
| 100 |
_aMukundan, M _96509 |
||
| 245 |
_a NINGAL / _cM Mukundan |
||
| 260 |
_aKottayam: _bD C Books, _c2023. |
||
| 300 |
_a296p _c21cm |
||
| 942 |
_2ddc _cBK _h894.8123 _iMUK/N _k894.8123 _mMUK/N |
||
| 999 |
_c42892 _d42892 |
||